| Tag |
First Indicator |
Second Indicator |
Subfields |
| LEADER |
00000cam a2200000 4500 |
| 001 |
in00000065727 |
| 005 |
20151008050731.0 |
| 008 |
720616s1941 nyu b 00000 eng u |
| 010 |
|
|
|a 41023638
|
| 035 |
|
|
|a (OCoLC)00335209
|
| 035 |
|
|
|9 AAG2974AM
|
| 040 |
|
|
|c CSU
|d TXA
|d UtOrBLW
|
| 049 |
|
|
|a TXAM
|c 2 [103648]
|
| 050 |
|
0 |
|a HC58
|b .L6
|
| 092 |
|
|
|a 330.904
|b L878e
|
| 100 |
1 |
|
|a Lorwin, Lewis L.
|q (Lewis Levitzki),
|d 1883-1970.
|
| 245 |
1 |
0 |
|a Economic consequences of the second world war /
|c by Lewis L. Lorwin.
|
| 264 |
|
1 |
|a New York :
|b Random House,
|c [1941]
|
| 264 |
|
4 |
|c [©1941]
|
| 300 |
|
|
|a xvii,510p. ;
|c 23cm.
|
| 336 |
|
|
|a text
|b txt
|2 rdacontent
|
| 337 |
|
|
|a unmediated
|b n
|2 rdamedia
|
| 338 |
|
|
|a volume
|b nc
|2 rdacarrier
|
| 500 |
|
|
|a "First printing."
|
| 504 |
|
|
|a Bibliographical foot-notes.
|
| 650 |
|
0 |
|a Economic policy.
|
| 650 |
|
0 |
|a Reconstruction (1939-1951)
|
| 651 |
|
0 |
|a Germany
|x Economic policy.
|
| 999 |
|
|
|a MARS
|
| 999 |
f |
f |
|s 05f91e75-54df-3ac8-84c8-b41bbf81148b
|i 3e69e4e3-5daf-3ff8-8b90-1d9a98143fbf
|t 0
|
| 952 |
f |
f |
|p ric
|a Texas A&M University
|b Rellis Campus
|c Joint Library Facility
|d Remote Storage
|t 0
|e HC58 .L6
|h Library of Congress classification
|i unmediated -- volume
|m A14800699521
|
| 998 |
f |
f |
|a HC58 .L6
|t 0
|l Remote Storage
|